Sociálny potenciál podnikavosti a prijímanie ekonomickej reformy

Bibliographic Details
Main Author: Radičová, Iveta, 1956- (Author)
Format: Article
Language:Slovak
PhysicalDescription:Lit. 14 zázn. v slov.
Subjects:

MARC

LEADER 00000nab a2200000 a 4500
001 vtls000526429
003 SK-MaSNL
005 20260426080337.0
008 250425c1993 xo 0 slo
015 |a SNBRB19rr/mm-uuuuu 
035 |a CL0526567 
035 |a urn:nbn:sk:snk-ab2bpn 
035 |a (urnnbn)urn:nbn:sk:snk:ar-a023ac 
035 |a (uuid)25d5b896-488e-4513-831e-e9d46f62d7ee 
040 |a SNKBUCL  |b slo  |c SNKBUCL  |e AACR2 
041 0 |a slo 
044 |a xo  |c SK 
080 |a 301.15/.18(437.6):330.3  |2 1981 
080 |a 330.3  |2 1981 
100 1 |a Radičová, Iveta,  |d 1956-  |4 aut  |9 106427 
245 1 0 |a Sociálny potenciál podnikavosti a prijímanie ekonomickej reformy  |c Iveta Radičová 
300 |b Lit. 14 zázn. v slov. 
650 0 7 |a ekonomické reformy  |2 snkbucl  |9 2145 
651 7 |a Slovensko  |2 snkbucl  |9 14231 
655 7 |a články z novín a časopisov  |2 snkbucl  |9 267496 
773 0 |t Sociológia  |g Roč. 25, č. 4-5 (1993), s. 403-415 
850 |a Slovenská národná knižnica 
852 |a Slovenská národná knižnica 
954 |a odborná, vedecká literatúra pôvodná (slovenská)  |2 lita 
958 |a article27 
958 |a RK 
958 |a NX 
958 |a OND 
958 |a EUIPO 
992 |a RBX 
999 |c 2804530  |d 2806460